| 000 | 00438nab a2200145Ia 4500 | ||
|---|---|---|---|
| 003 | ES-SlBCS | ||
| 005 | 20210601131745.0 | ||
| 008 | 140529s1935 xxu||||| |||| 00| 0 fre d | ||
| 041 | _afre | ||
| 100 | 1 |
_aBindel, Victor _9188636 |
|
| 245 | 0 | 0 |
_aLe réalisme liturgique de Claudel _c Victor Bindel |
| 600 | 1 |
_aClaudel, Paul-Liturgia _9188637 |
|
| 773 | 0 |
_tVie Intelectuelle (La) _gvol. 37, nº. 1, 1935, págs. 127-132 _wRev907 |
|
| 942 | _cAR | ||
| 999 |
_c568266 _d568266 |
||